[Event "C.to Regionale Lombardia Seniores"]
[Site "Robecchetto con Induno ITA"]
[Date "2012.12.27"]
[Round "1"]
[White "Carbone, Lorenzo"]
[Black "Ferri, Antonio"]
[Result "0-1"]
[WhiteElo "1745"]
[BlackElo "1536"]
[PlyCount "74"]
[EventDate "2012.12.27"]

1. e4 d6 2. d4 Nf6 3. Bd3 c6 4. Nf3 Nbd7 5. O-O e5 6. c3 b5 7. h3 a5 8. Be3 Ba6
9. Nbd2 Be7 10. Nh4 b4 11. Bxa6 Rxa6 12. Nf5 O-O 13. Qf3 exd4 14. cxd4 c5 15.
Qg3 Nh5 16. Qf3 Nhf6 17. Rac1 Re8 18. Nxe7+ Qxe7 19. dxc5 dxc5 20. Qe2 Raa8 21.
f3 Rec8 22. Nc4 a4 23. Rfd1 Rc6 24. Rd3 Ne5 25. Nxe5 Qxe5 26. Rcd1 Re8 27. R3d2
c4 28. Bd4 Qe6 29. Bxf6 Qxf6 30. Rc1 Qe6 31. Rd5 c3 32. bxc3 Rxc3 33. Rxc3 bxc3
34. Qd3 Qb6+ 35. Kh2 Qc7+ 36. g3 c2 37. Qb5 Rc8 0-1

[Event "C.to Regionale Lombardia Seniores"]
[Site "Robecchetto con Induno ITA"]
[Date "2012.12.27"]
[Round "1"]
[White "Cillo, Angelo"]
[Black "Cova, Ennio"]
[Result "0-1"]
[WhiteElo "1792"]
[BlackElo "1654"]
[PlyCount "63"]
[EventDate "2012.12.27"]

1. e4 e5 2. Nf3 Nc6 3. Bb5 a6 4. Ba4 Nf6 5. O-O Be7 6. Re1 b5 7. Bb3 d6 8. c3
Bb7 9. d4 O-O 10. Nbd2 Re8 11. Nf1 Na5 12. dxe5 Nxb3 13. Qxb3 Nxe4 14. exd6
Bxd6 15. Be3 Nc5 16. Bxc5 Bxc5 17. Rxe8+ Qxe8 18. Re1 Qf8 19. N1d2 Re8 20. c4
Rxe1+ 21. Nxe1 Qd6 22. Qd3 bxc4 23. Qxd6 cxd6 24. Nxc4 Bd5 25. b3 Be4 26. Nf3
f6 27. Nfd2 Bd3 28. Nb2 Bc2 29. Kf1 Bb4 30. Nbc4 d5 31. Ne3 Bd3+ 32. Ke1 0-1

[Event "C.to Regionale Lombardia Seniores"]
[Site "Robecchetto con Induno ITA"]
[Date "2012.12.27"]
[Round "1"]
[White "Fantina, Carla"]
[Black "Ronconi, Fausto"]
[Result "0-1"]
[WhiteElo "1451"]
[BlackElo "1702"]
[PlyCount "84"]
[EventDate "2012.12.27"]

1. c4 c5 2. Nc3 Nc6 3. g3 g6 4. Bg2 Bg7 5. e3 Nf6 6. Nge2 O-O 7. O-O d6 8. d3
Rb8 9. e4 Bd7 10. h3 a6 11. Rb1 b5 12. a3 bxc4 13. b4 cxb4 14. axb4 cxd3 15.
Qxd3 Nxb4 16. Qd1 a5 17. Be3 Qc8 18. Kh2 Ne8 19. Nd5 Nxd5 20. exd5 Nc7 21. Rc1
Qb7 22. Nf4 a4 23. Rb1 Qa6 24. Ne2 a3 25. Nd4 Nb5 26. Ra1 a2 27. Qd2 Ra8 28.
Rfe1 Qa4 29. Red1 Nxd4 30. Bxd4 Bxd4 31. Qxd4 Qxd4 32. Rxd4 Bf5 33. g4 Bb1 34.
Bf1 Rfc8 35. Bc4 Ra4 36. Bxa2 Rxd4 37. Rxb1 Rd2 38. Bb3 Rxf2+ 39. Kg3 Rd2 40.
Ba4 Rc3+ 41. Kh4 Rxd5 42. Bd1 g5+ 0-1

[Event "C.to Regionale Lombardia Seniores"]
[Site "Robecchetto con Induno ITA"]
[Date "2012.12.27"]
[Round "1"]
[White "Macchiettini, Pierangelo"]
[Black "Madaschi, Sergio"]
[Result "1-0"]
[WhiteElo "1712"]
[BlackElo "1516"]
[PlyCount "59"]
[EventDate "2012.12.27"]

1. d4 d5 2. Nf3 Nf6 3. c4 c6 4. Nc3 e6 5. e3 Nbd7 6. a3 dxc4 7. Bxc4 b5 8. Bd3
Bd6 9. O-O O-O 10. e4 e5 11. d5 Nc5 12. dxc6 a6 13. Bg5 Ne6 14. Be3 Nc7 15. Bb6
Qe7 16. h3 h6 17. Rc1 Be6 18. b4 Rab8 19. Ba5 Rfc8 20. Bc2 Bc4 21. Bd3 Be6 22.
Qc2 Nce8 23. Qb2 Rxc6 24. Rfe1 Rbc8 25. Rcd1 Bc4 26. Bb1 Qe6 27. Nd2 g5 28.
Nxc4 Rxc4 29. Ba2 g4 30. Rd3 1-0

[Event "C.to Regionale Lombardia Seniores"]
[Site "Robecchetto con Induno ITA"]
[Date "2012.12.27"]
[Round "1"]
[White "Marchesotti, Giovanni"]
[Black "Sala, Gianni"]
[Result "0-1"]
[WhiteElo "1561"]
[BlackElo "1766"]
[PlyCount "58"]
[EventDate "2012.12.27"]

1. g3 e5 2. Bg2 Nf6 3. c4 Bc5 4. Nc3 Nc6 5. e3 O-O 6. Nge2 Re8 7. O-O a6 8. a3
d6 9. d4 exd4 10. exd4 Ba7 11. Be3 Bf5 12. Nf4 Ng4 13. Nfd5 Nxe3 14. fxe3 Bg6
15. Qf3 Rb8 16. Kh1 Na5 17. b3 Nxb3 18. Ra2 c5 19. Nf4 cxd4 20. Nxg6 fxg6 21.
Qf7+ Kh8 22. exd4 Bxd4 23. Ne2 Be5 24. Bxb7 Re7 25. Qf3 Rexb7 26. Nf4 Bxf4 27.
Qxf4 Qf6 28. Raf2 Qxf4 29. Rxf4 Kg8 0-1

[Event "C.to Regionale Lombardia Seniores"]
[Site "Robecchetto con Induno ITA"]
[Date "2012.12.27"]
[Round "1"]
[White "Marra, Giuseppe"]
[Black "Buzio, Alberto"]
[Result "1-0"]
[WhiteElo "1685"]
[BlackElo "1872"]
[PlyCount "63"]
[EventDate "2012.12.27"]

1. e4 c5 2. Nf3 a6 3. d4 cxd4 4. Nxd4 Nf6 5. Nc3 e5 6. Nf3 Bb4 7. Bd2 O-O 8.
Bd3 d5 9. Nxd5 Bxd2+ 10. Qxd2 Re8 11. Ne3 Nc6 12. c3 g6 13. h3 b5 14. Rd1 Be6
15. Qc2 Qa5 16. O-O Qxa2 17. Ra1 Qb3 18. Qe2 b4 19. Rfc1 Nh5 20. g3 Bxh3 21.
Bc4 Be6 22. Bxb3 Bxb3 23. Rxa6 Rac8 24. Qb5 Nd4 25. Nxd4 exd4 26. Qxb4 dxe3 27.
Qxb3 exf2+ 28. Kxf2 Rxe4 29. Qb7 Rce8 30. Ra7 Re2+ 31. Kg1 Rf8 32. Rf1 1-0

[Event "C.to Regionale Lombardia Seniores"]
[Site "Robecchetto con Induno ITA"]
[Date "2012.12.27"]
[Round "1"]
[White "Nai, Giovanni"]
[Black "Torretta, Gilberto"]
[Result "1-0"]
[WhiteElo "1824"]
[BlackElo "1675"]
[PlyCount "35"]
[EventDate "2012.12.27"]

1. e4 e5 2. Nf3 Nc6 3. Bb5 a6 4. Ba4 Nf6 5. O-O b5 6. Bb3 Nxe4 7. Bd5 Nd6 8.
Bxc6 dxc6 9. Nxe5 Bb7 10. d4 Be7 11. Qg4 c5 12. dxc5 h5 13. Qe2 Nf5 14. c6 Nd4
15. Qe4 f5 16. Qe1 Nxc6 17. Ng6 Rg8 18. Qe6 1-0

[Event "C.to Regionale Lombardia Seniores"]
[Site "Robecchetto con Induno ITA"]
[Date "2012.12.27"]
[Round "1"]
[White "Ossoli, Giuseppe"]
[Black "Maffeo, Mauro"]
[Result "0-1"]
[WhiteElo "1527"]
[BlackElo "1720"]
[PlyCount "47"]
[EventDate "2012.12.27"]

1. c4 e5 2. Nc3 Nf6 3. d3 d6 4. Nf3 Be7 5. g3 Nc6 6. Bg2 O-O 7. O-O a6 8. h3
Bd7 9. e4 Qc8 10. Kh2 h6 11. Be3 Nd8 12. d4 exd4 13. Nxd4 Nc6 14. Nxc6 bxc6 15.
b3 Nh7 16. Qd2 f5 17. exf5 Rxf5 18. Qe2 Rf8 19. Bxh6 Bg5 20. Bxg5 Nxg5 21. Qh5
Rf5 22. Qh4 Nf3+ 23. Bxf3 Rxf3 24. Ne4 0-1

[Event "C.to Regionale Lombardia Seniores"]
[Site "Robecchetto con Induno ITA"]
[Date "2012.12.28"]
[Round "2"]
[White "Brioschi, Camillo"]
[Black "Macchiettini, Pierangelo"]
[Result "1-0"]
[WhiteElo "1812"]
[BlackElo "1712"]
[PlyCount "57"]
[EventDate "2012.12.27"]

1. d4 d5 2. c4 e6 3. Nc3 Nf6 4. Bg5 Be7 5. e3 c6 6. Qc2 Nbd7 7. Nf3 Qa5 8. Bd3
Bb4 9. O-O Bxc3 10. bxc3 O-O 11. cxd5 exd5 12. h3 h6 13. Bf4 Re8 14. Nd2 Qa3
15. Rac1 a6 16. f3 b5 17. e4 dxe4 18. fxe4 Qe7 19. e5 Nh5 20. Ne4 Qh4 21. Bh2
f5 22. Nd6 Rf8 23. Nxf5 Qg5 24. h4 Qd8 25. Be2 Ndf6 26. exf6 Nxf6 27. Be5 Bxf5
28. Qxf5 Nd7 29. Qe6+ 1-0

[Event "C.to Regionale Lombardia Seniores"]
[Site "Robecchetto con Induno ITA"]
[Date "2012.12.28"]
[Round "2"]
[White "Ferri, Antonio"]
[Black "Cillo, Angelo"]
[Result "1-0"]
[WhiteElo "1536"]
[BlackElo "1792"]
[PlyCount "47"]
[EventDate "2012.12.27"]

1. d4 Nf6 2. c4 g6 3. Nc3 Bg7 4. e4 d6 5. Nf3 O-O 6. Be2 e5 7. Be3 Nc6 8. h3
Re8 9. d5 Ne7 10. Qd2 Bd7 11. O-O h5 12. Rac1 b6 13. b4 Nh7 14. Ng5 f5 15. Nxh7
Kxh7 16. Bg5 Rf8 17. Bd3 Bf6 18. Bxf6 Rxf6 19. Qg5 Qf8 20. f4 fxe4 21. Nxe4 Rf5
22. fxe5 Ng8 23. Nf6+ Nxf6 24. Bxf5 1-0

[Event "C.to Regionale Lombardia Seniores"]
[Site "Robecchetto con Induno ITA"]
[Date "2012.12.28"]
[Round "2"]
[White "Madaschi, Sergio"]
[Black "Rigotti, Gianluigi"]
[Result "1-0"]
[WhiteElo "1516"]
[BlackElo "1671"]
[PlyCount "22"]
[EventDate "2012.12.27"]

1. c4 Nf6 2. Nc3 e6 3. g3 c6 4. Bg2 Bb4 5. Qc2 O-O 6. e3 b6 7. Nge2 Ba6 8. b3
d5 9. d3 Nbd7 10. O-O Rc8 11. Bb2 11... e5 {phone default} 1-0

[Event "C.to Regionale Lombardia Seniores"]
[Site "Robecchetto con Induno ITA"]
[Date "2012.12.28"]
[Round "2"]
[White "Maffeo, Mauro"]
[Black "Cova, Ennio"]
[Result "0-1"]
[WhiteElo "1720"]
[BlackElo "1654"]
[PlyCount "58"]
[EventDate "2012.12.27"]

1. d4 Nf6 2. Nd2 d5 3. e3 g6 4. Bd3 Bg7 5. f4 c5 6. c3 cxd4 7. exd4 O-O 8. Ngf3
Nh5 9. Nb3 Nc6 10. O-O Qd6 11. Ne5 Nf6 12. Nd2 e6 13. Qe1 Nd7 14. Ndf3 Ndxe5
15. fxe5 Qc7 16. Ng5 h6 17. Nh3 g5 18. Bxg5 hxg5 19. Nxg5 f6 20. Bh7+ Kh8 21.
Nxe6 Bxe6 22. Qh4 Bh6 23. Bf5 Bxf5 24. Rxf5 Qg7 25. Raf1 fxe5 26. dxe5 Rxf5 27.
Rxf5 Rf8 28. Rf6 Rxf6 29. exf6 Qg5 0-1

[Event "C.to Regionale Lombardia Seniores"]
[Site "Robecchetto con Induno ITA"]
[Date "2012.12.28"]
[Round "2"]
[White "Ossoli, Giuseppe"]
[Black "Carbone, Lorenzo"]
[Result "1-0"]
[WhiteElo "1527"]
[BlackElo "1745"]
[PlyCount "81"]
[EventDate "2012.12.27"]

1. c4 e6 2. Nc3 Nf6 3. Nf3 Be7 4. g3 O-O 5. Bg2 d5 6. cxd5 exd5 7. e3 b6 8. O-O
Bb7 9. d4 Nbd7 10. Bd2 c5 11. Qc2 Rc8 12. a3 Ne4 13. Be1 Ndf6 14. Kh1 a6 15.
Rc1 b5 16. Qb1 b4 17. axb4 cxb4 18. Nxe4 Nxe4 19. Ne5 f5 20. Nd3 a5 21. Nf4 Qd7
22. h4 Ba6 23. Rg1 Bb7 24. f3 Nd6 25. b3 Rc7 26. Rxc7 Qxc7 27. Ne6 Qc6 28. Nxf8
Bxf8 29. Bf2 Qd7 30. Qc2 Nb5 31. Rc1 Bd6 32. Bh3 g6 33. g4 fxg4 34. Bxg4 Qf7
35. f4 Nc3 36. Rg1 Kh8 37. Rg2 Ne4 38. Be1 Qe7 39. h5 gxh5 40. Bxh5 Nf6 41. Bh4
1-0

[Event "C.to Regionale Lombardia Seniores"]
[Site "Robecchetto con Induno ITA"]
[Date "2012.12.28"]
[Round "2"]
[White "Ronconi, Fausto"]
[Black "Nai, Giovanni"]
[Result "1/2-1/2"]
[WhiteElo "1702"]
[BlackElo "1824"]
[PlyCount "117"]
[EventDate "2012.12.27"]

1. d4 d5 2. c4 dxc4 3. Nc3 e5 4. e3 exd4 5. Qxd4 Qxd4 6. exd4 Nc6 7. Nf3 Nb4 8.
Kd2 Bf5 9. Bxc4 O-O-O 10. Bb3 g6 11. Kd1 Nf6 12. Bg5 Bg7 13. Bxf7 Nc2 14. Be6+
Bxe6 15. Kxc2 Rd6 16. Rad1 Bf5+ 17. Kc1 Ne4 18. Nxe4 Bxe4 19. Ne5 Bxg2 20. Rhg1
Be4 21. Rge1 Bf5 22. Re3 Re8 23. Nc4 Rde6 24. d5 Re4 25. b3 h6 26. Nd2 hxg5 27.
Nxe4 Rxe4 28. d6 cxd6 29. Rxd6 Be5 30. Rxe4 Bxd6 31. Re8+ Kd7 32. Rh8 Kc6 33.
h4 gxh4 34. Rxh4 b5 35. Rh7 Bc5 36. f3 Kd5 37. a4 bxa4 38. bxa4 a5 39. Rh8 Kc4
40. Rb8 Bb4 41. Kb2 Kd4 42. Re8 g5 43. Rg8 Bd2 44. Rf8 Bd3 45. Re8 Bg6 46. Rg8
Bf7 47. Rg7 Bd5 48. Kc2 Bf4 49. Ra7 Bxf3 50. Rxa5 g4 51. Ra7 Kc4 52. Rf7 Be5
53. Re7 Bh2 54. Kd2 Kb4 55. Rh7 Bf4+ 56. Ke1 Kxa4 57. Kf2 Be4 58. Rg7 Bf3 59.
Rf7 1/2-1/2

[Event "C.to Regionale Lombardia Seniores"]
[Site "Robecchetto con Induno ITA"]
[Date "2012.12.28"]
[Round "2"]
[White "Sala, Gianni"]
[Black "Marra, Giuseppe"]
[Result "1/2-1/2"]
[WhiteElo "1766"]
[BlackElo "1685"]
[PlyCount "48"]
[EventDate "2012.12.27"]

1. e4 f5 2. Bc4 Nf6 3. e5 d5 4. Bb3 Nfd7 5. d4 c5 6. c3 e6 7. Nf3 Nc6 8. Be3
Be7 9. Nbd2 O-O 10. g3 Qb6 11. dxc5 Bxc5 12. Bxc5 Qxc5 13. Qe2 Na5 14. Nd4 Nb6
15. Qb5 Nd7 16. f4 a6 17. Qe2 Nb6 18. O-O-O Bd7 19. Bc2 Rac8 20. Kb1 Nac4 21.
N2b3 Qe7 22. g4 Na4 23. gxf5 Ncxb2 24. Qh5 exf5 1/2-1/2

[Event "C.to Regionale Lombardia Seniores"]
[Site "Robecchetto con Induno ITA"]
[Date "2012.12.28"]
[Round "2"]
[White "Torretta, Gilberto"]
[Black "Fantina, Carla"]
[Result "1-0"]
[WhiteElo "1675"]
[BlackElo "1451"]
[PlyCount "67"]
[EventDate "2012.12.27"]

1. e4 d6 2. d4 Nf6 3. Nc3 g6 4. f3 Bg7 5. Bd3 O-O 6. Bg5 h6 7. Be3 e5 8. d5
Nbd7 9. Qd2 Kh7 10. h4 Nc5 11. O-O-O a6 12. Nh3 Nh5 13. g4 Nxd3+ 14. cxd3 Nf6
15. Rdg1 Rh8 16. Kb1 Kg8 17. h5 g5 18. Nxg5 hxg5 19. Bxg5 Qd7 20. h6 Nxe4 21.
Nxe4 f5 22. hxg7 Qxg7 23. Nf6+ Kf7 24. Rxh8 Qxh8 25. Qg2 Qg7 26. gxf5 Bxf5 27.
Ne4 Rg8 28. Kc2 b5 29. Kc3 Bxe4 30. dxe4 Qf8 31. Qg4 Qe8 32. Qf5+ Kg7 33. Qf6+
Kh7 34. Rh1+ 1-0

[Event "C.to Regionale Lombardia Seniores"]
[Site "Robecchetto con Induno ITA"]
[Date "2012.12.28"]
[Round "3"]
[White "Buzio, Alberto"]
[Black "Sala, Gianni"]
[Result "1/2-1/2"]
[WhiteElo "1872"]
[BlackElo "1766"]
[PlyCount "73"]
[EventDate "2012.12.27"]

1. e4 e5 2. Nf3 Nc6 3. d4 exd4 4. Bc4 Nf6 5. O-O Bc5 6. e5 d5 7. Bb5 Ne4 8.
Bxc6+ bxc6 9. Nxd4 Bd7 10. Nc3 Nxc3 11. bxc3 O-O 12. a4 a5 13. Ba3 Bxa3 14.
Rxa3 Qe7 15. Ra1 Qxe5 16. Re1 Qd6 17. Qf3 Rfe8 18. g3 g6 19. Re3 Rxe3 20. Qxe3
Re8 21. Qd2 Bh3 22. Re1 Rxe1+ 23. Qxe1 Be6 24. f4 c5 25. Nb5 Qb6 26. Kg2 c6 27.
Nd6 Qc7 28. Qe5 Qd7 29. h3 Bxh3+ 30. Kf2 Be6 31. f5 Bxf5 32. Ne8 Kf8 33. Nf6
Qe6 34. Nxh7+ Ke7 35. Qc7+ Qd7 36. Qe5+ Qe6 37. Qc7+ 1/2-1/2

[Event "C.to Regionale Lombardia Seniores"]
[Site "Robecchetto con Induno ITA"]
[Date "2012.12.28"]
[Round "3"]
[White "Carbone, Lorenzo"]
[Black "Madaschi, Sergio"]
[Result "1-0"]
[WhiteElo "1745"]
[BlackElo "1516"]
[PlyCount "75"]
[EventDate "2012.12.27"]

1. e4 c5 2. Nf3 d6 3. d4 cxd4 4. Nxd4 Nf6 5. Nc3 a6 6. Be2 e5 7. Nb3 Be7 8. Be3
Be6 9. O-O Nbd7 10. f4 Qc7 11. h3 O-O 12. Qe1 b5 13. a3 Nb6 14. Nd2 Rfd8 15.
Qf2 Rab8 16. Qg3 exf4 17. Bxf4 Kh8 18. Rad1 Nbd7 19. Nf3 Nh5 20. Qh2 Nxf4 21.
Qxf4 Nf6 22. Ng5 h6 23. Nxe6 fxe6 24. Bd3 Rf8 25. Qg3 e5 26. Qg6 Qd7 27. Nd5
Bd8 28. Rf3 Qf7 29. Qg3 Rb7 30. Rdf1 Qe8 31. Kh2 Kh7 32. Ne3 Rbf7 33. Nf5 Bc7
34. Qh4 Qe6 35. Rg3 Qa2 36. Rxg7+ Rxg7 37. Qxh6+ Kg8 38. Qxg7# 1-0

[Event "C.to Regionale Lombardia Seniores"]
[Site "Robecchetto con Induno ITA"]
[Date "2012.12.28"]
[Round "3"]
[White "Cillo, Angelo"]
[Black "Marchesotti, Giovanni"]
[Result "0-1"]
[WhiteElo "1792"]
[BlackElo "1561"]
[PlyCount "90"]
[EventDate "2012.12.27"]

1. d4 Nf6 2. Nf3 b6 3. e3 Bb7 4. Nbd2 e6 5. Bd3 d5 6. O-O Bd6 7. Re1 Ne4 8. c3
O-O 9. Qc2 f5 10. Nf1 Nd7 11. N3d2 Nxd2 12. Bxd2 c5 13. b3 Nf6 14. f3 Rc8 15.
c4 Qd7 16. a4 a5 17. g3 dxc4 18. bxc4 Bxf3 19. Rab1 Rb8 20. Rb2 Be4 21. Ra1 Qc6
22. Rb5 Bxd3 23. Qxd3 Ne4 24. Be1 Bc7 25. Ra2 Rfd8 26. Nd2 Nd6 27. Rbb2 cxd4
28. exd4 Rf8 29. d5 exd5 30. cxd5 Qd7 31. Nf3 Rbe8 32. Bc3 Ne4 33. Rb5 Nxc3 34.
Qxc3 f4 35. d6 Qxd6 36. Rd2 Qe7 37. Qc4+ Kh8 38. Kg2 fxg3 39. hxg3 Rxf3 40. Rb3
Rxb3 41. Qxb3 Qe4+ 42. Kh3 Re6 43. Kh2 Rh6+ 44. Kg1 Rh1+ 45. Kf2 Rh2+ 0-1

[Event "C.to Regionale Lombardia Seniores"]
[Site "Robecchetto con Induno ITA"]
[Date "2012.12.28"]
[Round "3"]
[White "Cova, Ennio"]
[Black "Ferri, Antonio"]
[Result "0-1"]
[WhiteElo "1654"]
[BlackElo "1536"]
[PlyCount "80"]
[EventDate "2012.12.27"]

1. e4 d6 2. d4 Nf6 3. Nc3 c6 4. Nf3 g6 5. h3 Bg7 6. Be3 Nbd7 7. Qd2 b5 8. Bd3
a5 9. Bh6 O-O 10. Bxg7 Kxg7 11. O-O b4 12. Ne2 Ba6 13. Rac1 Bxd3 14. cxd3 Qb6
15. b3 a4 16. Rc4 c5 17. Rfc1 axb3 18. axb3 Ra3 19. dxc5 dxc5 20. Rb1 Rfa8 21.
Rb2 Qd6 22. g3 Nb6 23. e5 Nxc4 24. dxc4 Ne4 25. exd6 Nxd2 26. Rxd2 exd6 27.
Rxd6 Rxb3 28. Kg2 Re8 29. Nf4 Rc3 30. Nd5 Rxc4 31. Rd7 h6 32. Nc7 Re2 33. Rd2
Rxd2 34. Nxd2 Rc2 35. Nb3 c4 36. Nd4 Rd2 37. Ncb5 b3 38. Nxb3 cxb3 39. Nc3 b2
40. Nb1 Rd1 0-1

[Event "C.to Regionale Lombardia Seniores"]
[Site "Robecchetto con Induno ITA"]
[Date "2012.12.28"]
[Round "3"]
[White "Macchiettini, Pierangelo"]
[Black "Ossoli, Giuseppe"]
[Result "1/2-1/2"]
[WhiteElo "1712"]
[BlackElo "1527"]
[PlyCount "93"]
[EventDate "2012.12.27"]

1. d4 e6 2. a3 Nf6 3. Nf3 b6 4. c4 Bb7 5. e3 d6 6. Be2 Be7 7. Nc3 a6 8. O-O O-O
9. Qc2 Nbd7 10. b3 c5 11. dxc5 bxc5 12. Bb2 Qc7 13. Rfd1 e5 14. e4 Bc6 15. Bc1
Qb7 16. Nd2 Rab8 17. f3 Qa7 18. Nf1 Qb7 19. Rb1 Qc7 20. Ne3 Rfd8 21. Nf5 Bf8
22. Bg5 h6 23. Bh4 Rb7 24. Ne3 Rdb8 25. Nf5 Rb6 26. Rd2 Ba8 27. Bd1 g6 28. Ne3
h5 29. Na4 R6b7 30. Qd3 Ra7 31. Bc2 Bc6 32. Nc3 Ne8 33. Ned5 Qc8 34. Ne7+ Bxe7
35. Bxe7 Ndf6 36. Qe3 Rxe7 37. Rbd1 Kg7 38. Ne2 Bd7 39. Qg5 Qd8 40. Ng3 Nh7 41.
Qe3 Qa5 42. a4 Qc7 43. Qc3 Kf8 44. Qe3 a5 45. Qh6+ Kg8 46. Qe3 Kg7 47. Qc3
1/2-1/2

[Event "C.to Regionale Lombardia Seniores"]
[Site "Robecchetto con Induno ITA"]
[Date "2012.12.28"]
[Round "3"]
[White "Marra, Giuseppe"]
[Black "Ronconi, Fausto"]
[Result "1/2-1/2"]
[WhiteElo "1685"]
[BlackElo "1702"]
[PlyCount "106"]
[EventDate "2012.12.27"]

1. e4 e6 2. d4 d5 3. Nc3 dxe4 4. Nxe4 Nd7 5. Nf3 Ngf6 6. Bd3 Be7 7. a3 O-O 8.
c4 c5 9. Be3 b6 10. Rc1 Bb7 11. Nc3 cxd4 12. Nxd4 Nc5 13. Bb1 Bxg2 14. Rg1 Be4
15. Nxe4 Ncxe4 16. Bxe4 Nxe4 17. Qg4 Ng5 18. h4 f5 19. Qg2 f4 20. hxg5 fxe3 21.
fxe3 Qd6 22. Qe4 e5 23. Nf3 Rad8 24. Ke2 Qc5 25. Rcd1 b5 26. Rxd8 Bxd8 27. Qd5+
Qxd5 28. cxd5 e4 29. Nd4 a6 30. Ne6 Re8 31. Rg4 g6 32. Kd2 Ba5+ 33. b4 Bd8 34.
Kc3 a5 35. Kd4 axb4 36. axb4 Be7 37. Nc5 Rc8 38. Nxe4 Bxb4 39. d6 Kf7 40. Kd5
Ba5 41. Rf4+ Kg7 42. d7 Rf8 43. Nf6 b4 44. Kc4 Bd8 45. Kxb4 Bxf6 46. Rxf6 Rd8
47. Rd6 Kf7 48. Kc5 Ke7 49. Kc6 Ra8 50. Rd4 Kd8 51. e4 Ra6+ 52. Kb7 Re6 53. Rc4
Kxd7 1/2-1/2

[Event "C.to Regionale Lombardia Seniores"]
[Site "Robecchetto con Induno ITA"]
[Date "2012.12.28"]
[Round "3"]
[White "Nai, Giovanni"]
[Black "Brioschi, Camillo"]
[Result "0-1"]
[WhiteElo "1824"]
[BlackElo "1812"]
[PlyCount "134"]
[EventDate "2012.12.27"]

1. e4 e5 2. Nf3 Nc6 3. Bb5 a6 4. Bxc6 dxc6 5. O-O f6 6. d3 Bd6 7. Nbd2 Bg4 8.
Nc4 Qd7 9. Ne3 Be6 10. Qe2 Ne7 11. d4 exd4 12. Nxd4 O-O-O 13. Rd1 c5 14. Nxe6
Qxe6 15. Nc4 Be5 16. Nxe5 Rxd1+ 17. Qxd1 Qxe5 18. Qg4+ f5 19. Qh3 Qxe4 20. Be3
Qxc2 21. Rc1 Rd8 22. Qf3 Qe4 23. Qh3 Qg4 24. Qxg4 fxg4 25. Bxc5 Nc6 26. Be3 Rd5
27. Kf1 Rh5 28. Bf4 Rf5 29. Be3 h5 30. a3 Ne7 31. Bd4 g6 32. Re1 Kd7 33. Rd1
Rd5 34. Ke2 Nf5 35. Bc3 Rxd1 36. Kxd1 Nh4 37. h3 Nxg2 38. hxg4 hxg4 39. Be5 Nh4
40. Ke2 Nf5 41. Kd3 Nd6 42. b3 Ke6 43. Bg3 Kf5 44. a4 Ne4 45. Bxc7 Nxf2+ 46.
Ke3 Ne4 47. b4 Nc3 48. Kd4 Nxa4 49. Bg3 Nb2 50. Bc7 b5 51. Bg3 Nc4 52. Bc7 Ke6
53. Ke4 g5 54. Bg3 a5 55. bxa5 Nxa5 56. Be1 Nc6 57. Bd2 Kf6 58. Bc3+ Kg6 59.
Be1 b4 60. Bd2 b3 61. Bc3 Ne7 62. Bb2 Nf5 63. Bc3 Nd6+ 64. Kd3 Kf5 65. Bd2 Ne4
66. Bc1 g3 67. Kc4 Nf2 0-1

[Event "C.to Regionale Lombardia Seniores"]
[Site "Robecchetto con Induno ITA"]
[Date "2012.12.28"]
[Round "3"]
[White "Rigotti, Gianluigi"]
[Black "Fantina, Carla"]
[Result "1-0"]
[WhiteElo "1671"]
[BlackElo "1451"]
[PlyCount "83"]
[EventDate "2012.12.27"]

1. e4 d6 2. d4 Nf6 3. Bd3 g6 4. Nf3 Bg7 5. c3 c6 6. O-O O-O 7. h3 Re8 8. Nh2 e5
9. f4 exf4 10. Rxf4 Nh5 11. Rf3 Qh4 12. Nd2 b5 13. a4 Bd7 14. axb5 cxb5 15. Qb3
Qe1+ 16. Ndf1 Ng3 17. Qxf7+ Kh8 18. Qxg7+ Kxg7 19. Bh6+ Kxh6 20. Rxe1 Nxf1 21.
Rexf1 a6 22. d5 a5 23. Rf6 b4 24. Rxd6 bxc3 25. bxc3 a4 26. c4 a3 27. c5 a2 28.
Ra1 Rc8 29. c6 Be8 30. Ng4+ Kg5 31. Nf6 Kh6 32. Re6 Bf7 33. Re7 Kg7 34. Nxh7
Kxh7 35. Rxf7+ Kg8 36. Rf2 Ra3 37. Rd2 Na6 38. Bxa6 Rxa6 39. Rdxa2 Rb6 40. Ra8
Rf8 41. Rxf8+ Kxf8 42. c7 1-0

[Event "C.to Regionale Lombardia Seniores"]
[Site "Robecchetto con Induno ITA"]
[Date "2012.12.28"]
[Round "3"]
[White "Torretta, Gilberto"]
[Black "Maffeo, Mauro"]
[Result "0-1"]
[WhiteElo "1675"]
[BlackElo "1720"]
[PlyCount "88"]
[EventDate "2012.12.27"]

1. e4 e6 2. d4 d5 3. exd5 exd5 4. c4 Nf6 5. Nc3 Be7 6. Nf3 Bg4 7. h3 Bh5 8. Bf4
a6 9. g4 Bg6 10. Qb3 b6 11. Bg2 O-O 12. cxd5 Bd6 13. Be5 Nbd7 14. O-O Ne8 15.
Rfe1 f6 16. Rad1 fxe5 17. dxe5 Nc5 18. Qc4 b5 19. Qd4 Be7 20. d6 cxd6 21. exd6
Qxd6 22. Qe3 Qf4 23. Qxe7 Rc8 24. Rd4 Qf7 25. Qe3 Qa7 26. Ng5 Nf6 27. Qd2 h6
28. Ne6 Nxe6 29. Rxe6 Bf7 30. Red6 Ne8 31. Rd7 Rc7 32. Rxc7 Qxc7 33. Rd7 Qc5
34. Ne4 Qb6 35. Ng3 Nf6 36. Rd6 Qa7 37. Nf5 Kh7 38. g5 Ng8 39. Qc3 Bg6 40. Rxg6
Kxg6 41. Nh4+ Kf7 42. Bd5+ Ke8 43. Qe5+ Ne7 44. Bc6+ Kf7 0-1

[Event "C.to Regionale Lombardia Seniores"]
[Site "Robecchetto con Induno ITA"]
[Date "2012.12.29"]
[Round "4"]
[White "Brioschi, Camillo"]
[Black "Ferri, Antonio"]
[Result "1-0"]
[WhiteElo "1812"]
[BlackElo "1536"]
[PlyCount "49"]
[EventDate "2012.12.27"]

1. d4 Nf6 2. c4 d6 3. Nc3 g6 4. e4 Bg7 5. Be2 O-O 6. f4 e6 7. e5 Ne8 8. Nf3 f6
9. O-O Nd7 10. Be3 b6 11. Qd2 Bb7 12. Rad1 Bh8 13. c5 d5 14. b4 c6 15. b5 Ng7
16. bxc6 Bxc6 17. Bb5 Bxb5 18. Nxb5 Nf5 19. c6 a6 20. Nd6 Nxe3 21. Qxe3 Nb8 22.
Rc1 Qc7 23. Qc3 Bg7 24. Rc2 fxe5 25. dxe5 1-0

[Event "C.to Regionale Lombardia Seniores"]
[Site "Robecchetto con Induno ITA"]
[Date "2012.12.29"]
[Round "4"]
[White "Cova, Ennio"]
[Black "Macchiettini, Pierangelo"]
[Result "0-1"]
[WhiteElo "1654"]
[BlackElo "1712"]
[PlyCount "80"]
[EventDate "2012.12.27"]

1. e4 c5 2. Nf3 d6 3. Bb5+ Bd7 4. Bxd7+ Nxd7 5. d4 cxd4 6. Nxd4 Ngf6 7. Nc3 a6
8. Be3 e6 9. f3 Be7 10. Qd2 Qc7 11. O-O-O Ne5 12. Kb1 Rc8 13. Nde2 Nc4 14. Qc1
b5 15. Bf2 b4 16. Na4 Qa5 17. b3 Na3+ 18. Ka1 Nxc2+ 19. Kb2 O-O 20. Qd2 Nd7 21.
f4 Nf6 22. Bb6 Qb5 23. Nd4 Nxd4 24. Qxd4 Qe2+ 25. Rd2 Qxe4 26. Rhd1 Qxd4+ 27.
Bxd4 Ne4 28. Re2 d5 29. f5 Rc6 30. Nb6 Bc5 31. Bxc5 Nxc5 32. Na4 Ne4 33. g4
Rfc8 34. Rd4 a5 35. h4 Rc1 36. g5 Rh1 37. Nb6 Re8 38. Na4 Nc3 39. Re5 Rb1+ 40.
Kc2 Ra1 0-1

[Event "C.to Regionale Lombardia Seniores"]
[Site "Robecchetto con Induno ITA"]
[Date "2012.12.29"]
[Round "4"]
[White "Fantina, Carla"]
[Black "Cillo, Angelo"]
[Result "0-1"]
[WhiteElo "1451"]
[BlackElo "1792"]
[PlyCount "42"]
[EventDate "2012.12.27"]

1. c4 f5 2. Nc3 Nf6 3. g3 c6 4. Bg2 e6 5. Nf3 Be7 6. d3 O-O 7. O-O d5 8. cxd5
exd5 9. d4 Nbd7 10. Bf4 Ne4 11. Qc1 Qe8 12. Re1 Qh5 13. Ne5 g5 14. Bd2 Nxd2 15.
Qxd2 Nxe5 16. dxe5 f4 17. Qd1 Bc5 18. e4 Bg4 19. Qb3 fxg3 20. hxg3 Bxf2+ 21.
Kf1 Bxg3+ 0-1